1550 1818 1259 1214 1541 1735 1407 1625 1245 1438 1082 1219 1414 1310 1554 1917 1465 1233 1412 1883 1625 1881 1831 1692 1148 1521 1714 1669 1017 1430 1224 1675 1079 1413 1356 1444 1913 1012 1831 1819 1834 1209 1080 1675 1858 1669 1450 1771 1252 1021 1480 1589 1791 1136 1305 1599 1295 1685 1687 1473 1464 1627 1485 1444 1582 1346 1931 1454 1535 1341 1546 1979 1749 1217 1022 1981 1833 1400 1005 1055 1309 1648 1336 1961 1694 1712 1243 1081 1353 1427 1990 1862 1015 1140 1105 1608 1597 1655 1359 BCNSPRNW ULIB Ver.6.0+V

เปลี่ยนเป็นภาษาไทย

Change to English
 แสดงรายละเอียดบรรณานุกรม
  กลับหน้าหลัก

Brief Record : Get Marc (ISO 2709) : E-mail record : QR code < ปิดหน้าต่าง
LEADER : 00000nam 2200000uu 4500
001    13399112695
003     ULIB
008    110627s2551||||th 000 0 tha d
020    9789740537823
090    นว.^bจ757ห 2551
100 0  เจ้าปลาน้อย
245 00 หัวใจตัวร้ายนัดให้นายมาปล้นรัก/^cเจ้าปลาน้อย
250    พิมพ์ครั้งที่ 1
260    กรุงเทพฯ :^bแจ่มใส,^c2551
300    168 หน้า
710 1  แจ่มใส
945    ^p139^l0^i026776
995    ทศพร
999 ^a ใช้งานได้ทุกระบบ
รายการนี้ยังไม่มีแท็ก
คุณยังไม่ได้ล็อกอิน คุณสามารถมีกิจกรรมร่วมกับเว็บไซต์ได้ แต่ต้องล็อกอินก่อน ::
  ล็อกอิน

รายการสื่อสารสนเทศ

ลำดับที่ ประเภท เลขเรียก/บาร์โค้ด สถานที่ สถานะ
- ไม่พบข้อมูล -

รายการใกล้เคียง
    ผู้แต่ง [เจ้าปลาน้อย]

BibComment


ยังไม่เคยถูกคอมเมนท์

คอมเมนท์ทรัพยากรรายการนี้
  คอมเมนท์: หัวใจตัวร้ายนัดให..


 Copyright 2026. Bcnsprnw @Library